Szczegóły MARC21

Autobiografisches Schreiben nach 1989 : Analysen von Erinnerungen und Tagebüchern ehemaliger DDR-Schriftsteller : Analysen /

005 -DATA I CZAS OSTATNIEJ MODYFIKACJI [,]
    • @
    • pole kontrolne
    • 20100414131054.0
020 -Międzynarod. znormalizowany nr książki - ISBN [ , ]
    • a
    • Numer ISBN
    • 3899230426 Find
040 -Instytucja sporządzająca opis [ , ]
    • a
    • Instytucja, która sporządziła opis (NP)
    • SZCZ U/SA
    • c
    • Instytucja, która sporządziła rekord (NP)
    • SZCZ U/SA
    • d
    • Instytucja, która zmodyfikowała rekord (P)
    • SZCZ U/JŚ
041 -Język dokumentu [0, ]
    • a
    • Język tekstu (P)
    • niemiecki
044 -Kraj miejsca wydania [ , ]
    • a
    • Kraj miejsca wydania
    • Niemcy
942 -Rodzaj dokumentu [ , ]
    • c
    • Rodzaj dokumentu
    • Książka
245 -Strefa tytułu i oznaczenia odpowiedzialności [0,0]
    • a
    • Tytuł
    • Autobiografisches Schreiben nach 1989 : Find
    • b
    • Ciąg dalszy tytułu (NP)
    • Analysen von Erinnerungen und Tagebüchern ehemaliger DDR-Schriftsteller : Analysen / Find
    • c
    • Pozostałe elementy strefy tytułu i oznaczenia odpowiedzialności (NP)
    • [hrsg. im Auftr. der Stiftung Mitteldeutscher Kulturrat, Bonn von Hermann Heckmann].
260 -Strefa adresu wydawniczego [ , ]
    • a
    • Miejsce wydania (P)
    • Bonn :
    • b
    • Nazwa wydawcy (P)
    • Verlag Janos Stekovics,
    • c
    • Data wydania (P)
    • 2003.
300 -Strefa opisu fizycznego [ , ]
    • a
    • Określenie formy książki i/lub objętość (NP)
    • 424 s. ;
    • c
    • Format (NP)
    • 24 cm.
830 -Hasło dodatkowe serii i opisu książki wielotomowej - tytuł ujednolicony/tytuł [ ,0]
    • 9
    • KHW
    • 12153
    • a
    • Tytuł ujednolicony/tytuł (NP)
    • Aus Deutschlands Mitte
    • v
    • Oznaczenie tomu (NP)
    • 30
    • x
    • ISSN
    • 1610-15
500 -Uwaga ogólna [ , ]
    • a
    • Uwaga ogólna (NP)
    • Dar Fundacji DAAD
504 -Uwaga dot. bibliogr. załącznikowej [ , ]
    • a
    • Uwaga dot. bibliografii załącznikowej
    • Ind.
080 -Uniwersalna Klasyfikacja Dziesiętna [ , ]
    • 2
    • Identyfikator wydania tablic
    • UDC-P058
    • 9
    • UKD
    • 8568
    • a
    • Symbol klasyfikacji
    • 821.112.2(091)
    • b
    • Dopowiedzenie
    • Literatura niemiecka (historia).
    • 4
    • UKD2
    • 7992
    • x
    • Poddział wspólny
    • "1989/..."
    • c
    • Dopowiedzenie poddz. wspólnego
    • Od 1989.
    • 4
    • UKD2
    • 7631
    • x
    • Poddział wspólny
    • =112.2
    • c
    • Dopowiedzenie poddz. wspólnego
    • =Język niemiecki (wysokoniemiecki, standardowy niemiecki).
980 -Symbol UKD [ , ]
    • a
    • UKD
    • 821.112.2(091)"1989/..."=112.2
700 -Hasło dodatkowe - nazwa osobowa [1, ]
    • 9
    • KHW
    • 12152
    • a
    • Nazwa osobowa (NP)
    • Heckmann, Hermann. Find
    • e
    • Określenie rodzaju współpracy
    • Red.
920 -ISBN [ , ]
    • a
    • ISBN
    • 3-89923-042-6 Find
Data inwentaryzacji Lokalizacja Status udost. Numer inwentarzowy Sygnatura
2019-01-25BM1G.19719GERM. Lit. niem.-lit.współcz. 04
2010-03-15BNS1H.19095